000 00579nam a2200205Ia 4500
005 20250508165039.0
008 008 250505s9999 xx 000 0 eng d
037 _aTextual
040 _aFEDL
_beng
_cFEDL
041 _aeng
_2eng
084 _a658, PUX
_qFEDL
100 _aPuxty Anthony G
_9364482
245 0 _aOrganization and management: An accountant's perspective
260 _aLondon, UK
_bPitman Publishing Limited
_c1986
300 _aviii,280p.
365 _aGBP
_b8.95
546 _aMACESE
942 _cTEXL
_h658, PUX
999 _c1392824
_d1392824